000 00279nam a22000977a 4500
999 _c11187
_d11187
008 181008b ||||| |||| 00| 0 eng d
020 _a9789386341150
100 _aGoldenmind`s
_96944
245 _aEncyclopedia of Question and Answers
260 _aMumbai
_bGoldmind`s Publication
_c2017